The 50 best U19 football players in the world according to Goal.com 2016-2017 - Statistics

General Stats
  • This quiz has been taken 40 times
  • The average score is 11 of 50
Answer Stats
# Answer Club Nationality % Correct
2 Kylian Mbappe AS Monaco France
84%
1 Gianluigi Donnarumma AC Milan Italy
75%
3 Christian Pulisic Borussia Dortmund USA
72%
5 Alexander Isak Borussia Dortmund Sweden
53%
29 Matthijs De Ligt Ajax Netherlands
47%
11 Dayot Upamecano RB Leipzig France
41%
9 Martin Odegaard Heerenveen Norway
38%
14 Kai Havertz Bayer Leverkusen Germany
34%
23 Trent Alexander-Arnold Liverpool England
34%
13 Tom Davies Everton England
31%
4 Alban Lafont Toulouse France
28%
20 Ben Woodburn Liverpool Wales
28%
19 Moise Kean Juventus Italy
28%
10 Timothy Fosu-Mensah Manchester United Netherlands
28%
40 Achraf Hakimi Real Madrid Morocco
25%
39 Brahim Diaz Manchester City Spain
25%
21 Justin Kluivert Ajax Netherlands
25%
6 Manuel Locatelli AC Milan Italy
25%
15 Ryan Sessegnon Fulham England
25%
16 Sergio Diaz Real Madrid Paraguay
25%
32 Ismaila Sarr Metz Senegal
19%
7 Malang Sarr Nice France
19%
31 Carles Alena Barcelona Spain
16%
8 Felix Passlack Borussia Dortmund Germany
16%
34 Ianis Hagi Fiorentina Romania
16%
49 Takefusa Kubo FC Tokyo Japan
16%
37 Angel Gomes Manchester United England
13%
48 Dujon Sterling Chelsea England
13%
42 Jose Gomes Benfica Portugal
13%
45 Pietro Pellegri Genoa Italy
13%
18 Vincent Thill Metz Luxembourg
13%
41 Andrea Pinamonti Internazionale Italy
9%
44 Dusan Vlahovic Partizan Serbia
9%
12 Josip Brekalo Stuttgart Croatia
9%
38 Leandrinho Napoli Brazil
9%
43 Marcus Edwards Tottenham England
9%
35 Rui Pedro Porto Portugal
9%
50 Diego Lainez Club America Mexico
6%
25 Jonathan Ikone Montpellier France
6%
46 Kelechi Nwakali MVV Maastricht Nigeria
6%
27 Lorenzo Callegari PSG France
6%
47 Niklas Dorsch Bayern Munich Germany
6%
30 Tomas Conechny San Lorenzo Argentina
6%
26 Yann Karamoh Caen France
6%
24 Ezequiel Barco Independiente Argentina
3%
36 Joaquin Ardaiz Danubio Uruguay
3%
33 Lincoln Gremio Brazil
3%
22 Moussa Diaby PSG France
3%
28 Nicolas Schiappacasse Atletico Madrid Uruguay
3%
17 Reece Oxford Reading England
3%
No matching quizzes found
Score Distribution
Percent of People with Each Score
Percentile by Number Answered
Your Score History
You have not taken this quiz